La otra historia de México : (Record no. 110485)

MARC details
000 -LEADER
campo de control de longitud fija 01019cam a2200289Ia 4500
001 - NÚMERO DE CONTROL
campo de control 50618
005 - FECHA Y HORA DE LA ÚLTIMA TRANSACCIÓN
campo de control 20230411090004.0
008 - DATOS DE LONGITUD FIJA--INFORMACIÓN GENERAL
campo de control de longitud fija 070123s2006 mx 000 0 spa d
035 ## - NÚMERO DE CONTROL DEL SISTEMA
Número de control de sistema (OCoLC)ocm79650640
040 ## - FUENTE DE CATALOGACIÓN
Centro catalogador/agencia de origen PLF
Centro/agencia transcriptor PLF
Centro/agencia modificador WTX
020 ## - NÚMERO INTERNACIONAL ESTÁNDAR DEL LIBRO
Número Internacional Estándar del Libro 9681342666 :
Condiciones de disponibilidad $33.93
020 ## - NÚMERO INTERNACIONAL ESTÁNDAR DEL LIBRO
Número Internacional Estándar del Libro 9789681342661
035 ## - NÚMERO DE CONTROL DEL SISTEMA
Número de control de sistema (OCoLC)79650640
092 0# - ASIGNACIÓN LOCAL DE SIGNATURA TOPOGRÁFICA DEWEY (OCLC)
Número de clasificación 972.07
Número de ítem FUENTES
049 ## - FONDOS LOCALES (OCLC)
Biblioteca depositaria GRAL
100 1# - ENTRADA PRINCIPAL--NOMBRE DE PERSONA
Nombre de persona Fuentes Aguirre, Armando.
245 13 - MENCIÓN DEL TÍTULO
Título La otra historia de México :
Resto del título Juárez y Maximiliano, la roca y el ensueño /
Mención de responsabilidad, etc. Armando Fuentes Aguirre (Catón).
260 ## - PUBLICACIÓN, DISTRIBUCIÓN, ETC.
Lugar de publicación, distribución, etc. México, D.F. :
Nombre del editor, distribuidor, etc. Diana,
Fecha de publicación, distribución, etc. 2006.
300 ## - DESCRIPCIÓN FÍSICA
Extensión xv, 714 p. ;
Dimensiones 23 cm.
600 17 - PUNTO DE ACCESO ADICIONAL DE MATERIA--NOMBRE DE PERSONA
Nombre de persona Maximiliano,
Títulos y otros términos asociados al nombre Emperador de México,Dd1832-1867.
Fuente del encabezamiento o término bidex
651 #7 - PUNTO DE ACCESO ADICIONAL DE MATERIA--NOMBRE GEOGRÁFICO
Nombre geográfico México
Subdivisión general Historia
Subdivisión cronológica Intervención francesa, 1861-1867
Subdivisión de forma Humorismo.
Fuente del encabezamiento o término bidex
600 10 - PUNTO DE ACCESO ADICIONAL DE MATERIA--NOMBRE DE PERSONA
Nombre de persona Juárez, Benito,
Fechas asociadas al nombre 1806-1872.
600 10 - PUNTO DE ACCESO ADICIONAL DE MATERIA--NOMBRE DE PERSONA
Nombre de persona Maximilian,
Títulos y otros términos asociados al nombre Emperor of México,
Fechas asociadas al nombre 1832-1867.
651 #0 - PUNTO DE ACCESO ADICIONAL DE MATERIA--NOMBRE GEOGRÁFICO
Nombre geográfico México
Subdivisión general History
Subdivisión cronológica European intervention, 1861-1867
Subdivisión de forma Humor.
942 ## - ELEMENTOS DE ENTRADA SECUNDARIOS (KOHA)
Fuente del sistema de clasificación o colocación Clasificación de Library of Congress
Tipo de ítem Koha
994 ## -
-- C0
-- DRFGD
Holdings
Estatus retirado Estado de pérdida Fuente del sistema de clasificación o colocación Estado de daño No para préstamo Colección Biblioteca de origen Biblioteca actual Ubicación en estantería Fecha de adquisición Código de barras Visto por última vez Copia número Tipo de ítem Koha
    Clasificación de Library of Congress     Automatización y Procesos Técnicos Biblioteca Juan Bosch Biblioteca Juan Bosch Automatización y Procesos Técnicos (1er. Piso) 11/04/2023 00000052141 17/02/2019 1